000 00565 a2200229 4500
260 _aCotonou
100 _aGNONLONFOUN, Antoine
700 _aMALIKI, Sei-dat
260 _bENEAM
300 _b57 p
245 _aEtude de la structure de financement d'une entreprise (cas de Bénin Télécom SA)
650 _aCOMPTABILITE GESTION
650 _aSTRUCTURE DE FINANCEMENT
650 _aFINANCEMENT D'UNE ENTREPRISE
650 _aBENIN TELECOM SA
260 _c2007
130 _lFr
500 _a1 ex
040 _aENEAM
999 _c9725
_d9725